|
|
|
|
| LEADER |
01042nam a2200277 u 4500 |
| 001 |
10032117 |
| 003 |
upatras |
| 005 |
20210117210135.0 |
| 008 |
000201s1985 us eng |
| 020 |
|
|
|a 0824771915
|
| 040 |
|
|
|a GR-PaULI
|c GR-PaULI
|
| 041 |
0 |
|
|a eng
|
| 082 |
0 |
4 |
|a 621.402.2
|
| 100 |
1 |
|
|a Singh, Jasbir
|9 155179
|
| 245 |
1 |
0 |
|a Heat transfer fluids and systems for process and energy applications
|c Jasbir Singh
|
| 260 |
|
|
|a New York
|b Marcel Dekker, INC
|c 1985
|
| 300 |
|
|
|a vii, 283 p.
|b fig.
|c 24 cm.
|
| 490 |
1 |
|
|a Mechanical engineering
|v 36
|
| 504 |
|
|
|a Includes bibliographies and index
|
| 650 |
|
4 |
|a Θερμότητα
|x Μετάδοση
|9 33432
|
| 760 |
1 |
|
|a Mechanical engineering
|g 36
|
| 852 |
|
|
|a GR-PaULI
|b ΠΑΤΡΑ
|b ΒΚΠ
|b ΒΣ1
|k ΑΣΧΞ
|h 621.402 2 S
|m 056286
|p 025000075514
|t 1
|
| 942 |
|
|
|2 ddc
|c BK15
|
| 952 |
|
|
|0 0
|1 0
|4 0
|6 621_402000000000000_2_S
|7 0
|9 203045
|a LISP
|b LISP
|c BSC
|d 2016-04-24
|i 056286
|l 0
|o 621.402 2 S
|p 025000075514
|r 2016-04-24 00:00:00
|t 1
|w 2016-04-24
|y BK15
|
| 998 |
|
|
|c ΣΥΨΑ
|d 2000-02
|
| 999 |
|
|
|c 123958
|d 123958
|